Statistics for Math Tiles!!!

Click here to take the quiz!

General Stats

  • This quiz has been taken 49 times
  • The average score is 90 of 96

Answer Stats

QuestionTileSelect?% Correct
2+22
100%
2+23
100%
2x11300
100%
2x117
100%
1.5-0.0556
100%
1.5-0.0580
100%
1.5-0.0524
100%
1.5-0.05.4
100%
1.5-0.057
100%
1.5-0.05300
100%
1.5-0.051400
100%
1.5-0.05999
100%
1.5-0.051999
100%
2x114
100%
2x1124
100%
2x1180
100%
1.5-0.0522
100%
2+20
100%
2+25
100%
2+2145
100%
2+256
100%
2+280
100%
2+224
100%
2x1156
100%
2+27
100%
2+2300
100%
2x11145
100%
2+2999
100%
2+21999
100%
2x111
100%
2x112
100%
2x111400
100%
1.5-0.053
100%
2x110
100%
7x82
100%
1+122
100%
1+10
100%
1+11
100%
1+1145
100%
1+156
100%
1+180
100%
1+124
100%
1+14
100%
1+17
100%
1+1300
100%
1+11400
100%
1+1999
100%
1+11999
100%
2x111999
100%
7x83
100%
1.5-0.052
100%
7x822
100%
7x80
100%
7x81
100%
7x8145
100%
2x11999
100%
7x880
100%
7x824
100%
7x84
100%
7x87
100%
7x8300
100%
7x81400
100%
7x8999
100%
7x81999
100%
7x8.2
100%
2x113
100%
1+12
98%
2+24
98%
1+13
98%
1.5-0.05.2
98%
7x856
98%
1.5-0.050
95%
2x1122
93%
Select all...Answer
84%
1.5-0.051
84%
Select all...Answer
84%
Select all...Answer
84%
Select all...Answer
81%
Select all...Answer
81%
Select all...Answer
81%
Select all...Answer
81%
Select all...Answer
81%
Select all...Answer
81%
Select all...Answer
81%
Select all...Answer
81%
Select all...Answer
81%
Select all...Answer
81%
Select all...Answer
79%
Select all...Answer
79%
Select all...Answer
77%
1+1.2
74%
1.5-0.051.45
74%
2x1122
58%
2+24
51%
2+24
51%
2+24
51%

Score Distribution

Percentile by Number Answered

Percent of People with Each Score

Your Score History

You have not taken this quiz